Cargando…

The Extirpation of Idolatry in Peru /

Long recognized as a classic account of the early Spanish efforts to convert the Indians of Peru, Father De Arriaga's book, originally published in 1621, has become comparatively rare even in its Spanish editions. This translation now makes available for the first time in English a unique recor...

Descripción completa

Detalles Bibliográficos
Autor principal: Arriaga, Pablo Jose de, 1564-1622
Otros Autores: Keating, L. Clark (Louis Clark), 1907-1991
Formato: Electrónico eBook
Idioma:Inglés
Publicado: [Lexington] University of Kentucky Press [1968]
Colección:Book collections on Project MUSE.
Temas:
Acceso en línea:Texto completo

MARC

LEADER 00000cam a22000004a 4500
001 musev2_37575
003 MdBmJHUP
005 20230905043939.0
006 m o d
007 cr||||||||nn|n
008 150117s1968 kyu o 00 0 eng d
020 |a 9780813163338 
020 |z 9780813186269 
020 |z 9780813152943 
035 |a (OCoLC)897388558 
040 |a MdBmJHUP  |c MdBmJHUP 
100 1 |a Arriaga, Pablo Jose de,  |d 1564-1622. 
240 1 0 |a Extirpación de la idolatría en la Peru.  |l English 
245 1 4 |a The Extirpation of Idolatry in Peru /   |c by Father Pablo Joseph de Arriaga ; translated and edited by L. Clark Keating. 
264 1 |a [Lexington]  |b University of Kentucky Press  |c [1968] 
264 3 |a Baltimore, Md. :  |b Project MUSE,   |c 2016 
264 4 |c ©[1968] 
300 |a 1 online resource (216 pages). 
336 |a text  |b txt  |2 rdacontent 
337 |a computer  |b c  |2 rdamedia 
338 |a online resource  |b cr  |2 rdacarrier 
505 0 |a Cover; Title; Copyright; Preface; Contents; Introduction; Father Pablo Joseph de Arriaga; The Extirpation of Idolatry In Peru; To the King Our Lord in His Royal Council of the Indies; PREFACE. To the Reader; CHAPTER ONE. How Idolatry Came to Be Discovered in the Archbishopric of Lima; CHAPTER TWO. What the Indians Worship Today and of What Their Idolatry Consists; CHAPTER THREE. Concerning the Ministers of Idolatry; CHAPTER FOUR. What Is Offered in Their Sacrifices and in What Manner; CHAPTER FIVE. The Festivals Celebrated for the Huacas. 
505 0 |a CHAPTER SIX. The Abuses and Superstitions of the IndiansCHAPTER SEVEN. Concerning the Roots and Causes of the Idolatry That Is Found among the Indians Today; CHAPTER EIGHT. Other Causes of the Idolatry of the Indians; CHAPTER NINE. Proving That in the Provinces Not Yet Visited Much Idolatry Remains; CHAPTER TEN. Showing That in the Provinces That Have Been Visited Many Roots of Idolatry Remain; CHAPTER ELEVEN. The Means of Uprooting Idolatry; CHAPTER TWELVE. What Sort of Visitor Is Needed for the Extirpation of Idolatry. 
505 0 |a CHAPTER THIRTEEN. What a Visitor Should Do upon Reaching a Town, Distribution of Time and SermonsCHAPTER FOURTEEN. HOW a Visit Should Be Begun; CHAPTER FIFTEEN. HOW a Sorcerer or Any Other Indian Who Reveals or Gives Information about Huacas Is to Be Examined; CHAPTER SIXTEEN. HOW a Visit Is to Be Conducted; CHAPTER SEVENTEEN. Conclusion and Summary of Everything That Has Been Said; CHAPTER EIGHTEEN. Remedies for the Extirpation of Idolatry in This Archbishopric and How They Now Stand at the Beginning of Lent, 1621. 
505 0 |a CHAPTER NINETEEN. The State of Christianity outside This Archbishopric and in the Rest of PeruCHAPTER TWENTY. Of the Importance of Missions; An Edict against Idolatry; Regulations to Be Left by the Visitor in the Towns as a Remedy for the Extirpation of Idolatry; APPENDIX. Quechua Glossary; Index; A; B; C; D; E; F; G; H; I; J; L; M; N; O; P; Q; R; S; T; U; V; X; Y. 
520 |a Long recognized as a classic account of the early Spanish efforts to convert the Indians of Peru, Father De Arriaga's book, originally published in 1621, has become comparatively rare even in its Spanish editions. This translation now makes available for the first time in English a unique record of the customs and religious practices that prevailed after the Spanish conquest. In his book, which was designed as a manual for the rooting out of paganism, De Arriaga sets down plainly and methodically what he found among the Indians -- their objects of worship, their priests and sorcerers ... 
588 |a Description based on print version record. 
610 2 7 |a Jesuits.  |2 fast  |0 (OCoLC)fst00532143 
610 2 0 |a Jesuits  |z Peru. 
650 7 |a Missions.  |2 fast  |0 (OCoLC)fst01023771 
650 7 |a Indians of South America.  |2 fast  |0 (OCoLC)fst00969962 
650 7 |a SOCIAL SCIENCE  |x Anthropology  |x Cultural.  |2 bisacsh 
650 7 |a HISTORY  |z Latin America  |z South America.  |2 bisacsh 
650 6 |a Indiens d'Amerique  |z Perou. 
650 0 |a Missions  |z Peru. 
650 0 |a Indians of South America  |z Peru. 
651 7 |a Peru.  |2 fast  |0 (OCoLC)fst01205190 
655 7 |a Electronic books.   |2 local 
700 1 |a Keating, L. Clark  |q (Louis Clark),  |d 1907-1991. 
710 2 |a Project Muse.  |e distributor 
830 0 |a Book collections on Project MUSE. 
856 4 0 |z Texto completo  |u https://projectmuse.uam.elogim.com/book/37575/ 
945 |a Project MUSE - Custom Collection 
945 |a Project MUSE - Archive Complete Supplement IV 
945 |a Project MUSE - Archive Archaeology and Anthropology Supplement IV